| 000 | 00757nam a2200205Ia 4500 | ||
|---|---|---|---|
| 001 | 11186 | ||
| 003 | GE_BSU | ||
| 008 | 181216s||||||||xx |||||||||||||| ||und|| | ||
| 040 | _cGE_BSU | ||
| 080 | _a811.161.1+811.11(038) | ||
| 245 | _aРусско-немецкий словарь. 22000 слов. | ||
| 245 | _cПод.ред:А.А.Лепинта. словарь составили:Е.Б.Линднер, М.А.Дарская.А.А. Лепинт и М.А.Сергиевская. Ред:Н.Н.Гришин. | ||
| 250 | _aизд.9-е.стереотип. | ||
| 260 | _aМосква | ||
| 260 | _bГосиздат. | ||
| 260 | _c1955. | ||
| 300 | _a568стр,17см. | ||
| 653 | _aРусско-немецкий словарь. 22000 слов. | ||
| 942 | _cBK | ||
| 999 |
_c44420 _d44420 |
||